000 01600nam a2200313 a 4500
001 BRCA_2871
005 20190320204017.0
008 111208s1842----gw-a---###---#000-0dger-u
041 _ager
044 _agw
084 _a279
_b.F56
_c1842
100 1 _aCervantes Saavedra, Miguel de
_d1547-1616
_9213
245 1 0 _aDer sinnreiche Junker Don Quixote von la Mancha
_cvon Miguel de Cervantes Saavedra.
260 _aPforzheim (Alemania)
_bDennig Finck
_c1842
300 _a2 v.
_bil.
_c26 cm.
500 _aContenido : v 1. Primera parte. Noticia sobre la vida y obra de Cervantes. Advertencia del traductor. Introducción de H. Heine. Prólogo del autor. Texto. -- v 2. Segunda parte. Prólogo del autor. Texto
500 _aEdición : Aus dem spanischen Ibersetzt, mit dem Leben von Miguel de Cervantes nach Viardot, und einer Einleitung von Heinrich Heine
500 _aSegunda edición de la traducción anónimo, basada en la de Bertuch y publicada en Stuttgart, con la Vida de Cervantes, traducida de la escrita por Viardot, y una introducción crítica de H. Heine. Semitela; lomeras decoradas con adornos dorados Lúdovik Osterc
500 _aQM513C
546 _aTexto en : alemán
650 1 4 _aNovela española
_yÉpoca clásica, 1500-1700
_9215
650 1 4 _aLiteratura española
_yÉpoca clásica, 1500-1700
_9216
650 1 4 _aNovela española
_ySiglo XVII
_9217
650 1 4 _aDon Quijote (Personaje ficticio)
_eNovela
_9218
700 1 _aViardot, Louis
_d1800-1883
_eBiógrafo
_98015
740 0 _aEl Ingenioso Hidalgo Don Quijote de la Mancha
902 _aQFM
942 _2lcc
_cB
999 _c2610
_d2610